000 00442nam a22001697a 4500
003 MPLRDC
005 20220104124150.0
008 210129b ||||| |||| 00| 0 eng d
082 _a876.56 HUG-3
100 _aVICTOR M. HUGO 雨果
245 _a巴黎圣母院
_c博蒙改写; 李详译
250 _a一版二刷
260 _a
_b中国文联出版公司
_c1987
300 _b
650 _a法国文学
942 _cBK
_o876.56 HUG-3
999 _c17156
_d17146